[Event "DVM U20w 2015"]
[Site "Osnabrück GER"]
[Date "2015.12.29"]
[Round "5"]
[White "Könze, Heike"]
[Black "Sauer, Annika"]
[Result "1-0"]
[Termination "normal"]
[Board "5.3"]
[WhiteElo "1639"]
[BlackElo "1653"]
[WhiteTeam "SV 1919 Grimma"]
[BlackTeam "Leegebrucher SF"]
[PlyCount "77"]
[WhiteFideId "12964476"]
[BlackFideId "12952052"]
[EventCountry "GER"]
[EventRounds "7"]
[EventType "team-swiss"]
[EventDate "2015.12.26"]

1. e4 c5 2. Nf3 Nc6 3. Bb5 d6 4. Bxc6+ bxc6 5. h3 Nf6 6. d3 e5 7. O-O h6 8. Nc3
Be6 9. b3 Be7 10. Bb2 Qc7 11. Ne2 O-O 12. Ng3 Nd7 13. Re1 g6 14. Qd2 Kh7 15.
Rad1 Bf6 16. Nh2 Bg5 17. Qe2 Bf4 18. Ngf1 Bxh2+ 19. Nxh2 Rae8 20. Nf3 f6 21.
Qd2 Nb6 22. c3 Rd8 23. d4 cxd4 24. cxd4 Qd7 25. Qc2 Qb7 26. Ba3 Qc7 27. Re3 Nc8
28. b4 Rf7 29. Rc3 Ne7 30. d5 Bd7 31. dxc6 Bxc6 32. b5 Bxe4 33. Rxc7 Bxc2 34.
Rxc2 d5 35. Rc7 Re8 36. Rxa7 Kg8 37. Rd7 Kf8 38. R1xd5 Rg7 39. b6 1-0

[Event "DVM U20w 2015"]
[Site "Osnabrück GER"]
[Date "2015.12.29"]
[Round "5"]
[White "Fischer, Trixy"]
[Black "Hagenbeck-Hübert, Lara"]
[Result "0-1"]
[Termination "normal"]
[Board "5.4"]
[WhiteElo "651"]
[BlackElo "1520"]
[WhiteTeam "Leegebrucher SF"]
[BlackTeam "SV 1919 Grimma"]
[PlyCount "64"]
[WhiteFideId "16217462"]
[BlackFideId "12964484"]
[EventCountry "GER"]
[EventRounds "7"]
[EventType "team-swiss"]
[EventDate "2015.12.26"]

1. e4 Nf6 2. Nc3 e5 3. Nf3 Nc6 4. Bc4 Bc5 5. d3 d6 6. Qe2 Bg4 7. h3 Be6 8. Be3
Bxc4 9. dxc4 Bb6 10. O-O-O Qc8 11. Rd3 Nd7 12. Rhd1 Nc5 13. Bxc5 Bxc5 14. Na4
O-O 15. Nh4 Qe6 16. Rg3 Qh6+ 17. Kb1 Qxh4 18. Nxc5 dxc5 19. c3 Rad8 20. Rg4 Qf6
21. Rf1 Rd7 22. f4 Rfd8 23. a3 Rd2 24. Qf3 R8d3 25. fxe5 Rxf3 26. Rxf3 Qxe5 27.
Rf5 Qd6 28. Rf1 Qd3+ 29. Ka1 Qxf1+ 30. Ka2 Qc1 31. Kb3 Rxb2+ 32. Ka4 Qc2# 0-1

[Event "DVM U20w 2015"]
[Site "Osnabrück GER"]
[Date "2015.12.29"]
[Round "5"]
[White "Weber, Sandra"]
[Black "Leinemann, Vivien Sophie"]
[Result "1-0"]
[Termination "normal"]
[Board "6.1"]
[WhiteElo "1873"]
[BlackElo "1635"]
[WhiteTeam "SV Stuttgart-Wolfbusch 1956"]
[BlackTeam "Hamburger SK von 1830"]
[PlyCount "55"]
[WhiteFideId "1270049"]
[BlackFideId "16208536"]
[EventCountry "GER"]
[EventRounds "7"]
[EventType "team-swiss"]
[EventDate "2015.12.26"]

1. e4 c5 2. Nf3 e6 3. d4 cxd4 4. Nxd4 a6 5. Nc3 Qc7 6. Bd3 Nf6 7. O-O Nc6 8.
Nf3 Bd6 9. h3 O-O 10. Re1 b5 11. Bxb5 Bb4 12. Bd3 Bxc3 13. bxc3 d5 14. e5 Nd7
15. Ba3 Rd8 16. Bd6 Qa5 17. Ng5 Nf8 18. Bxf8 Kxf8 19. Qh5 Ra7 20. Qxh7 Ke7 21.
Qxg7 Rf8 22. Bg6 Nd8 23. Qf6+ Ke8 24. Bd3 Qxc3 25. Nh7 Rg8 26. Qh4 Rg7 27. Nf6+
Kf8 28. Qh8+ 1-0

[Event "DVM U20w 2015"]
[Site "Osnabrück GER"]
[Date "2015.12.29"]
[Round "5"]
[White "Voß, Henrike"]
[Black "Lederer, Leia"]
[Result "0-1"]
[Termination "normal"]
[Board "6.2"]
[WhiteElo "1535"]
[BlackElo "1565"]
[WhiteTeam "Hamburger SK von 1830"]
[BlackTeam "SV Stuttgart-Wolfbusch 1956"]
[PlyCount "81"]
[WhiteFideId "12971910"]
[BlackFideId "12926353"]
[EventCountry "GER"]
[EventRounds "7"]
[EventType "team-swiss"]
[EventDate "2015.12.26"]

1. e4 e5 2. Nf3 Nc6 3. Bc4 Nf6 4. d3 Bc5 5. c3 O-O 6. O-O d6 7. Bb3 Bg4 8. Re1
Ne7 9. Nbd2 Ng6 10. Nf1 Nh5 11. Ne3 Bxe3 12. fxe3 Nh4 13. Qe2 Kh8 14. Qf2 Bxf3
15. gxf3 f5 16. f4 fxe4 17. dxe4 Qf6 18. f5 g6 19. Kh1 gxf5 20. Bd1 fxe4 21.
Qxf6+ Nxf6 22. Bd2 Nf3 23. Re2 Ng4 24. h3 Nxd2 25. hxg4 Nf3 26. Bc2 d5 27. c4
c6 28. cxd5 cxd5 29. Rg1 Rg8 30. g5 d4 31. Rg4 h6 32. Rg3 hxg5 33. Rh3+ Kg7 34.
exd4 exd4 35. Rd2 e3 36. Rxd4 g4 37. Rd7+ Kf6 38. Rh6+ Kg5 39. Rhd6 Rgd8 40.
Rxd8 Rxd8 41. Re6 0-1

[Event "DVM U20w 2015"]
[Site "Osnabrück GER"]
[Date "2015.12.29"]
[Round "5"]
[White "Kobald, Jacqueline"]
[Black "Reich, Kristina"]
[Result "0-1"]
[Termination "normal"]
[Board "6.3"]
[WhiteElo "1434"]
[BlackElo "1636"]
[WhiteTeam "SV Stuttgart-Wolfbusch 1956"]
[BlackTeam "Hamburger SK von 1830"]
[PlyCount "130"]
[WhiteFideId "12988162"]
[BlackFideId "12964719"]
[EventCountry "GER"]
[EventRounds "7"]
[EventType "team-swiss"]
[EventDate "2015.12.26"]

1. e4 c5 2. Nf3 e6 3. d4 cxd4 4. Nxd4 a6 5. Nc3 Qc7 6. Bd3 Nf6 7. O-O Bb4 8.
Bd2 O-O 9. Re1 d6 10. Kh1 Bc5 11. Be3 b5 12. Nb3 Bxe3 13. Rxe3 Bb7 14. a4 b4
15. Na2 a5 16. Nd4 Nbd7 17. Nc1 d5 18. f3 Qf4 19. Qe1 Nc5 20. Ncb3 Nxd3 21.
cxd3 dxe4 22. dxe4 Qe5 23. Re2 Rfd8 24. Rd2 Rac8 25. Rad1 Rd7 26. Nb5 Rxd2 27.
Rxd2 Ba6 28. Qd1 Bxb5 29. axb5 Qxb5 30. Rd8+ Rxd8 31. Qxd8+ Qe8 32. Qxe8+ Nxe8
33. Nxa5 Nc7 34. Nc6 Na6 35. Kg1 Kf8 36. Kf2 Ke8 37. Ke3 Kd7 38. Ne5+ Ke7 39.
Kd4 f6 40. Nd3 Kd6 41. Kc4 b3 42. Kxb3 f5 43. Kc4 fxe4 44. fxe4 e5 45. Nb4 Nc5
46. Nd3 Nxe4 47. b4 Nd2+ 48. Kb5 e4 49. Ne1 g5 50. Ka6 Nc4 51. Kb5 Kd5 52. Nc2
e3 53. Ne1 e2 54. h3 h5 55. g3 g4 56. hxg4 hxg4 57. Ka4 Kd4 58. Kb3 Ne5 59. Kc2
Ke3 60. b5 Nc4 61. Kc3 Nd6 62. b6 Ne4+ 63. Kc2 Nc5 64. Nd3 Nxd3 65. b7 Nb4+ 0-1

[Event "DVM U20w 2015"]
[Site "Osnabrück GER"]
[Date "2015.12.29"]
[Round "5"]
[White "G., Diana"]
[Black "Liu, Sijia Anna"]
[Result "1-0"]
[Termination "normal"]
[Board "6.4"]
[WhiteElo "1328"]
[BlackElo "1190"]
[WhiteTeam "Hamburger SK von 1830"]
[BlackTeam "SV Stuttgart-Wolfbusch 1956"]
[PlyCount "73"]
[WhiteFideId "12964700"]
[BlackFideId "12989746"]
[EventCountry "GER"]
[EventRounds "7"]
[EventType "team-swiss"]
[EventDate "2015.12.26"]

1. e4 c5 2. Nf3 Nc6 3. d4 cxd4 4. Nxd4 g6 5. c4 Bg7 6. Be3 Nf6 7. Nc3 O-O 8.
Be2 d6 9. Qd2 Bd7 10. O-O Rc8 11. f3 a6 12. Rab1 Ne5 13. b3 Re8 14. Rfc1 Qa5
15. b4 Qd8 16. Nd5 Nxd5 17. cxd5 Rc7 18. b5 axb5 19. Nxb5 Rxc1+ 20. Rxc1 Bxb5
21. Bxb5 Rf8 22. a4 f5 23. exf5 Rxf5 24. Kh1 b6 25. Ba6 Rf8 26. Bc8 Kh8 27. Be6
Qb8 28. Bh6 Qa7 29. Bxg7+ Kxg7 30. Qd4 Rf6 31. Rc8 h5 32. Rg8+ Kh7 33. g4 Nxf3
34. Qe3 g5 35. Qe4+ Kh6 36. Rh8+ Kg7 37. Qh7# 1-0

[Event "DVM U20w 2015"]
[Site "Osnabrück GER"]
[Date "2015.12.30"]
[Round "7"]
[White "Spangenberg, Romy"]
[Black "Hund, Sarah"]
[Result "1-0"]
[Termination "normal"]
[Board "1.1"]
[WhiteElo "1859"]
[BlackElo "1881"]
[WhiteClock "00:21:35"]
[BlackClock "00:33:14"]
[WhiteTeam "Chemnitzer SC Aufbau`95"]
[BlackTeam "SK Freiburg Zähringen 1887"]
[PlyCount "119"]
[WhiteFideId "4627997"]
[BlackFideId "12923338"]
[EventCountry "GER"]
[EventRounds "7"]
[EventType "team-swiss"]
[EventDate "2015.12.26"]

1. e4 e5 2. Nf3 Nc6 3. Bb5 a6 4. Ba4 Nf6 5. d3 Bc5 6. O-O b5 7. Bb3 d6 8. c3
Ba7 9. Be3 O-O 10. Bxa7 Nxa7 11. Nbd2 c5 12. d4 c4 13. Bc2 Nc6 14. d5 Ne7 15.
b3 Ng6 16. bxc4 bxc4 17. Nxc4 Qc7 18. Ne3 Qxc3 19. Qd2 Qxd2 20. Nxd2 Bd7 21. a4
Ng4 22. Nxg4 Bxg4 23. f3 Bd7 24. Nc4 Rac8 25. Bb3 Rb8 26. Rfb1 Rb4 27. Nxd6
Rfb8 28. Bc2 Rxb1+ 29. Rxb1 Rxb1+ 30. Bxb1 Bxa4 31. Bd3 a5 32. Nb7 Kf8 33. Nxa5
Ke7 34. Nb7 Nf4 35. Bc4 Bc2 36. g3 Nh3+ 37. Kg2 Ng5 38. h4 Nxe4 39. fxe4 Bxe4+
40. Kf2 f5 41. d6+ Kd7 42. Nc5+ Kxd6 43. Nxe4+ fxe4 44. Ke3 Ke7 45. g4 Kf6 46.
Kxe4 h6 47. Ba6 Kg6 48. Kxe5 Kh7 49. Bd3+ Kg8 50. Bg6 Kf8 51. Ke6 Kg8 52. Ke7
h5 53. Bxh5 Kh7 54. Be8 Kh6 55. g5+ Kh7 56. h5 Kg8 57. g6 Kh8 58. Bc6 Kg8 59.
h6 Kh8 60. Kf7 1-0

[Event "DVM U20w 2015"]
[Site "Osnabrück GER"]
[Date "2015.12.30"]
[Round "7"]
[White "Denz, Annika"]
[Black "Hartewig, Anja"]
[Result "0-1"]
[Termination "normal"]
[Board "1.2"]
[WhiteElo "1648"]
[BlackElo "1761"]
[WhiteClock "00:23:12"]
[BlackClock "00:38:10"]
[WhiteTeam "SK Freiburg Zähringen 1887"]
[BlackTeam "Chemnitzer SC Aufbau`95"]
[PlyCount "90"]
[WhiteFideId "12922935"]
[BlackFideId "12917966"]
[EventCountry "GER"]
[EventRounds "7"]
[EventType "team-swiss"]
[EventDate "2015.12.26"]

1. g4 d5 2. Bg2 e6 3. d4 Bb4+ 4. c3 Bd6 5. Nf3 Nd7 6. Nbd2 Ne7 7. h3 Ng6 8. e3
Rb8 9. c4 c6 10. c5 Bc7 11. b4 e5 12. e4 Nf4 13. Bf1 dxe4 14. Nxe4 Nf6 15.
Nxf6+ Qxf6 16. dxe5 Bxe5 17. Bxf4 Bxf4 18. Bg2 Qc3+ 19. Kf1 Qxb4 20. Qe1+ Qxe1+
21. Rxe1+ Be6 22. Nd4 Kd7 23. Rd1 Ke7 24. Bxc6 bxc6 25. Nxc6+ Kf6 26. Nxb8 Rxb8
27. a3 Rc8 28. Kg2 Rxc5 29. Rhe1 Rc3 30. Rd4 Be5 31. Ra4 Bd5+ 32. Kf1 Rxh3 33.
Ra6+ Be6 34. Re3 Rxe3 35. fxe3 Kg5 36. Rxa7 Kxg4 37. Ra4+ Kf5 38. Kf2 g5 39.
Kf3 h5 40. Kg2 g4 41. Rb4 h4 42. Rb1 h3+ 43. Kf2 g3+ 44. Ke2 h2 45. Rf1+ Kg4
0-1

[Event "DVM U20w 2015"]
[Site "Osnabrück GER"]
[Date "2015.12.30"]
[Round "7"]
[White "Nitzsche, Pia"]
[Black "Neisius, Laura Maria"]
[Result "0-1"]
[Termination "normal"]
[Board "1.3"]
[WhiteElo "1719"]
[BlackElo "1463"]
[WhiteClock "00:00:31"]
[BlackClock "00:00:47"]
[WhiteTeam "Chemnitzer SC Aufbau`95"]
[BlackTeam "SK Freiburg Zähringen 1887"]
[PlyCount "80"]
[WhiteFideId "12900370"]
[BlackFideId "12910040"]
[EventCountry "GER"]
[EventRounds "7"]
[EventType "team-swiss"]
[EventDate "2015.12.26"]

1. c4 e6 2. Nc3 d5 3. cxd5 exd5 4. d4 c6 5. Nf3 Nd7 6. Bf4 Ngf6 7. e3 Be7 8.
Bd3 Nh5 9. Be5 Nxe5 10. Nxe5 g6 11. h3 O-O 12. O-O Bf6 13. Nf3 Bg7 14. Qc2 Qd6
15. Ne2 b6 16. Rac1 Bd7 17. a3 a5 18. Qd2 c5 19. Bb1 Rfe8 20. Nc3 Bc6 21. dxc5
bxc5 22. Ne4 Qb8 23. Nxc5 Bxb2 24. Rc2 Bxa3 25. Ba2 Qd8 26. Ne5 Rxe5 27. Qc3 d4
28. exd4 Bb4 29. Qc4 Bd5 30. Qb5 Bxa2 31. dxe5 Rb8 32. Qe2 Bxc5 33. Rxc5 Be6
34. Ra1 a4 35. Rxa4 Qg5 36. Qf3 Rb3 37. Rc3 Rb1+ 38. Kh2 Qxe5+ 39. g3 Bd5 40.
Qd3 Rh1# 0-1

[Event "DVM U20w 2015"]
[Site "Osnabrück GER"]
[Date "2015.12.30"]
[Round "7"]
[White "Antusch, Isabella"]
[Black "Fischer, Franziska"]
[Result "1-0"]
[Termination "normal"]
[Board "1.4"]
[WhiteElo "1139"]
[BlackElo "1773"]
[WhiteClock "00:05:43"]
[BlackClock "00:49:19"]
[WhiteTeam "SK Freiburg Zähringen 1887"]
[BlackTeam "Chemnitzer SC Aufbau`95"]
[PlyCount "95"]
[WhiteFideId "12963941"]
[BlackFideId "12924199"]
[EventCountry "GER"]
[EventRounds "7"]
[EventType "team-swiss"]
[EventDate "2015.12.26"]

1. e4 c6 2. d4 d5 3. exd5 cxd5 4. Bd3 Nc6 5. c3 Nf6 6. Bf4 Bg4 7. Qb3 Qd7 8.
Nd2 e6 9. Ngf3 Bd6 10. Bxd6 Qxd6 11. O-O O-O 12. Rfe1 Bxf3 13. Nxf3 Qf4 14.
Qxb7 Rfc8 15. Bb5 Rab8 16. Qa6 Qc7 17. Qxc6 Qxc6 18. Bxc6 Rxc6 19. Re2 Rcb6 20.
b3 Rc8 21. Rc1 Ne4 22. c4 Rbc6 23. Ne5 R6c7 24. c5 f6 25. Nd3 Rc6 26. f3 Ng5
27. b4 Rb8 28. Rb2 a6 29. a4 Nf7 30. b5 axb5 31. axb5 Rcc8 32. f4 Kf8 33. Ra1
Nd8 34. b6 Nc6 35. Ra4 Ke7 36. Kf2 Rb7 37. Rd2 e5 38. fxe5 fxe5 39. dxe5 Ke6
40. Re2 Rf8+ 41. Kg3 g5 42. Rf2 Rxf2 43. Kxf2 Nxe5 44. Nxe5 Kxe5 45. Ra7 Rb8
46. b7 d4 47. c6 Kd6 48. Ra8 1-0

[Event "DVM U20w 2015"]
[Site "Osnabrück GER"]
[Date "2015.12.30"]
[Round "7"]
[White "Diederichs, Luise"]
[Black "Weber, Sandra"]
[Result "1/2-1/2"]
[Termination "normal"]
[Board "2.1"]
[WhiteElo "1964"]
[BlackElo "1873"]
[WhiteTeam "TuRa Harksheide Norderstedt"]
[BlackTeam "SV Stuttgart-Wolfbusch 1956"]
[PlyCount "56"]
[WhiteFideId "24692328"]
[BlackFideId "1270049"]
[EventCountry "GER"]
[EventRounds "7"]
[EventType "team-swiss"]
[EventDate "2015.12.26"]

1. c4 e6 2. Nc3 d5 3. d4 c6 4. Nf3 Nf6 5. Bg5 Be7 6. cxd5 exd5 7. e3 h6 8. Bf4
Bf5 9. Bd3 Bxd3 10. Qxd3 O-O 11. O-O Nbd7 12. h3 Re8 13. a3 Nb6 14. Nd2 Bd6 15.
Bxd6 Qxd6 16. b4 a6 17. Rab1 Qe7 18. a4 Ne4 19. Ncxe4 dxe4 20. Qb3 Rac8 21.
Rfc1 Rc7 22. Rc2 Rd8 23. Rbc1 Rdc8 24. Rc5 Nd7 25. R5c4 Nb6 26. Rc5 Nd7 27.
R5c4 Nb6 28. Rc5 Nd7 1/2-1/2

[Event "DVM U20w 2015"]
[Site "Osnabrück GER"]
[Date "2015.12.30"]
[Round "7"]
[White "Rosmait, Emily"]
[Black "Kobald, Jacqueline"]
[Result "1/2-1/2"]
[Termination "normal"]
[Board "2.3"]
[WhiteElo "1963"]
[BlackElo "1434"]
[WhiteTeam "TuRa Harksheide Norderstedt"]
[BlackTeam "SV Stuttgart-Wolfbusch 1956"]
[PlyCount "60"]
[WhiteFideId "12937754"]
[BlackFideId "12988162"]
[EventCountry "GER"]
[EventRounds "7"]
[EventType "team-swiss"]
[EventDate "2015.12.26"]

1. e4 e5 2. Nf3 Nc6 3. Bb5 a6 4. Ba4 d6 5. d4 b5 6. Bb3 Nxd4 7. Nxd4 exd4 8.
Bd5 Rb8 9. Qxd4 Bd7 10. c3 Nf6 11. Bb3 Be7 12. O-O O-O 13. Nd2 c5 14. Qe3 Bc6
15. c4 Re8 16. f3 Bf8 17. Qf2 g6 18. Rd1 Qc7 19. Nf1 Rbd8 20. Bg5 Be7 21. Ne3
Nxe4 22. fxe4 Bxg5 23. Ng4 Bxe4 24. h4 Be7 25. Nh6+ Kh8 26. Nxf7+ Kg7 27. Nxd8
Rxd8 28. Qf4 Bf5 29. h5 Bf6 30. Rd2 Rd7 1/2-1/2

[Event "DVM U20w 2015"]
[Site "Osnabrück GER"]
[Date "2015.12.30"]
[Round "7"]
[White "Liu, Sijia Anna"]
[Black "Zimmermann, Jasmin"]
[Result "0-1"]
[Termination "normal"]
[Board "2.4"]
[WhiteElo "1190"]
[BlackElo "1721"]
[WhiteTeam "SV Stuttgart-Wolfbusch 1956"]
[BlackTeam "TuRa Harksheide Norderstedt"]
[PlyCount "88"]
[WhiteFideId "12989746"]
[BlackFideId "12900400"]
[EventCountry "GER"]
[EventRounds "7"]
[EventType "team-swiss"]
[EventDate "2015.12.26"]

1. e4 Nf6 2. Bc4 d6 3. Nc3 Nc6 4. d4 g6 5. Nf3 Bg7 6. h3 O-O 7. Be3 a6 8. a4 e6
9. O-O d5 10. exd5 exd5 11. Bb3 Re8 12. Qd2 Bf5 13. Bh6 Ne4 14. Qc1 Nxc3 15.
bxc3 Be4 16. Bxg7 Kxg7 17. Qd2 Bxf3 18. gxf3 Qd7 19. Kh2 Qf5 20. Rg1 Qxf3 21.
Rg3 Qf5 22. Rg5 Re2 23. Rxg6+ hxg6 24. Qxe2 Rh8 25. Qe3 Rh4 26. Rg1 Rf4 27. Rg3
Rxf2+ 28. Kh1 Rf1+ 29. Kh2 Qf2+ 30. Qxf2 Rxf2+ 31. Rg2 Rxg2+ 32. Kxg2 Ne7 33.
c4 dxc4 34. Bxc4 Nf5 35. Kf3 Nxd4+ 36. Ke4 Nxc2 37. Bd5 c6 38. Bc4 f5+ 39. Kd3
Ne1+ 40. Ke2 Ng2 41. Kd3 b5 42. axb5 cxb5 43. Bb3 f4 44. Ke4 g5 0-1

[Event "DVM U20w 2015"]
[Site "Osnabrück GER"]
[Date "2015.12.30"]
[Round "7"]
[White "Schumann, Rabea"]
[Black "Klek, Hanna Marie"]
[Result "1/2-1/2"]
[Termination "normal"]
[Board "3.1"]
[WhiteElo "1838"]
[BlackElo "2307"]
[WhiteTeam "SG Güstrow/Teterow"]
[BlackTeam "SC Bechhofen 1923"]
[PlyCount "101"]
[WhiteFideId "12918199"]
[BlackFideId "24670057"]
[EventCountry "GER"]
[EventRounds "7"]
[EventType "team-swiss"]
[EventDate "2015.12.26"]

1. e4 e5 2. Nf3 Nc6 3. Nc3 Nf6 4. Bb5 Bd6 5. d3 h6 6. Be3 O-O 7. O-O Re8 8. Qd2
Bf8 9. Rfe1 a6 10. Bxc6 bxc6 11. Na4 d5 12. Bc5 Bd6 13. Bxd6 cxd6 14. c4 Bg4
15. Nc3 d4 16. Ne2 Nh5 17. b4 Qf6 18. Ng3 Bxf3 19. gxf3 Qxf3 20. Qe2 Qxe2 21.
Nxe2 Rab8 22. Rab1 Re7 23. Rb2 Reb7 24. Reb1 g6 25. a4 f5 26. exf5 gxf5 27. f3
Kf7 28. Kg2 Ke6 29. b5 axb5 30. axb5 Nf6 31. Rb3 cxb5 32. cxb5 Nd5 33. Kh3 Rg8
34. Rg1 Rxg1 35. Nxg1 Nf4+ 36. Kg3 Kd5 37. Kh4 Kc5 38. Nh3 Ne2 39. Nf2 Nc3 40.
Kh5 Nxb5 41. Kxh6 Rb8 42. Kg6 Rf8 43. h4 Nc7 44. h5 Rh8 45. h6 Ne6 46. Rb7 Nf8+
47. Kg5 Kd5 48. Kh5 Ne6 49. Kg6 Nf8+ 50. Kh5 Ne6 51. Kg6 1/2-1/2

[Event "DVM U20w 2015"]
[Site "Osnabrück GER"]
[Date "2015.12.30"]
[Round "7"]
[White "Alsheimer, Lea"]
[Black "Zoll, Cindy"]
[Result "1-0"]
[Termination "normal"]
[Board "3.2"]
[WhiteElo "1624"]
[BlackElo "1272"]
[WhiteTeam "SC Bechhofen 1923"]
[BlackTeam "SG Güstrow/Teterow"]
[PlyCount "95"]
[WhiteFideId "12918180"]
[BlackFideId "12964638"]
[EventCountry "GER"]
[EventRounds "7"]
[EventType "team-swiss"]
[EventDate "2015.12.26"]

1. e4 e6 2. b3 d5 3. Bb2 dxe4 4. Nc3 Nf6 5. g4 Nc6 6. Bg2 e5 7. h3 Be6 8. Nxe4
Nxe4 9. Bxe4 Bd5 10. Qf3 Bxe4 11. Qxe4 Qe7 12. Nf3 f6 13. O-O-O O-O-O 14. Rhe1
Qb4 15. Qf5+ Kb8 16. Qe4 Qxe4 17. Rxe4 Bc5 18. d4 exd4 19. Nxd4 Nxd4 20. b4 Bb6
21. Bxd4 Bxd4 22. Rexd4 Rxd4 23. Rxd4 Kc8 24. f4 Re8 25. Kd2 Re7 26. Kd3 c6 27.
a4 Kc7 28. c4 Re1 29. Re4 Rd1+ 30. Kc3 Rd7 31. Re8 Rd8 32. Rxd8 Kxd8 33. Kd4
Kc7 34. Ke4 g6 35. h4 Kd7 36. c5 Ke7 37. f5 gxf5+ 38. Kxf5 Kf7 39. g5 fxg5 40.
hxg5 Ke7 41. Ke5 Kf7 42. b5 Ke7 43. b6 a6 44. a5 Ke8 45. Ke6 Kd8 46. Kf7 Kd7
47. Kg7 Ke7 48. Kxh7 1-0

[Event "DVM U20w 2015"]
[Site "Osnabrück GER"]
[Date "2015.12.30"]
[Round "7"]
[White "Jörs, Pia-Milena"]
[Black "Böse, Carolin"]
[Result "0-1"]
[Termination "normal"]
[Board "3.3"]
[WhiteElo "1565"]
[BlackElo "1555"]
[WhiteTeam "SG Güstrow/Teterow"]
[BlackTeam "SC Bechhofen 1923"]
[PlyCount "84"]
[WhiteFideId "12964646"]
[BlackFideId "12929646"]
[EventCountry "GER"]
[EventRounds "7"]
[EventType "team-swiss"]
[EventDate "2015.12.26"]

1. d4 d5 2. c4 e6 3. Nc3 c5 4. cxd5 exd5 5. dxc5 d4 6. Ne4 Bxc5 7. Nxc5 Qa5+ 8.
Qd2 Qxc5 9. Nf3 Nc6 10. b3 Nb4 11. Kd1 Nf6 12. Qxd4 Qc2+ 13. Ke1 a5 14. Bb2 Qf5
15. Qe3+ Be6 16. Nd4 Rd8 17. Rc1 Rxd4 18. Bxd4 Nc2+ 19. Rxc2 Qxc2 20. Bxf6 gxf6
21. f3 Qxa2 22. Qb6 O-O 23. Qxb7 Bxb3 24. Qb6 Be6 25. Qd4 Kg7 26. Kf2 a4 27.
Kg3 Rc8 28. h3 a3 29. e4 Qb2 30. Qe3 a2 31. Ba6 Ra8 32. Bb7 Qxb7 33. Ra1 Qb1
34. Qc3 Rc8 35. Rxb1 axb1=Q 36. Qe3 Qc1 37. Qxc1 Rxc1 38. Kf4 Rc2 39. g4 Bc4
40. Kf5 Rf2 41. g5 fxg5 42. Kxg5 Rxf3 0-1

[Event "DVM U20w 2015"]
[Site "Osnabrück GER"]
[Date "2015.12.30"]
[Round "7"]
[White "Schäfer, Ann-Kathrin"]
[Black "Eulitz, Charlotte"]
[Result "1-0"]
[Termination "normal"]
[Board "3.4"]
[WhiteElo "1706"]
[BlackElo "1457"]
[WhiteTeam "SC Bechhofen 1923"]
[BlackTeam "SG Güstrow/Teterow"]
[PlyCount "25"]
[WhiteFideId "24615412"]
[BlackFideId "12964654"]
[EventCountry "GER"]
[EventRounds "7"]
[EventType "team-swiss"]
[EventDate "2015.12.26"]

1. e4 e5 2. f4 exf4 3. Nf3 Nf6 4. e5 Nd5 5. Bc4 Nb6 6. Bb3 Nc6 7. d4 d6 8. Bxf4
Bg4 9. O-O Be7 10. Bxf7+ Kxf7 11. Ng5+ Kg8 12. Qxg4 Bxg5 13. Qe6+ 1-0

[Event "DVM U20w 2015"]
[Site "Osnabrück GER"]
[Date "2015.12.30"]
[Round "7"]
[White "Wolff, Marie"]
[Black "Mangei, Jasmin"]
[Result "1/2-1/2"]
[Termination "normal"]
[Board "4.2"]
[WhiteElo "1703"]
[BlackElo "1890"]
[WhiteTeam "Leegebrucher SF"]
[BlackTeam "Karlsruher SF 1853"]
[PlyCount "107"]
[WhiteFideId "12908258"]
[BlackFideId "12951803"]
[EventCountry "GER"]
[EventRounds "7"]
[EventType "team-swiss"]
[EventDate "2015.12.26"]

1. c4 e6 2. Nc3 d5 3. cxd5 exd5 4. d4 Nf6 5. Nf3 c6 6. g3 Be7 7. Bg2 O-O 8. O-O
Nbd7 9. Re1 Ne4 10. Nd2 f5 11. Qb3 Kh8 12. Ndxe4 fxe4 13. Rf1 Nf6 14. f3 exf3
15. exf3 Qc7 16. Bf4 Bd6 17. Ne2 Nh5 18. Bxd6 Qxd6 19. Rae1 Qf6 20. Qb4 Qf7 21.
Nc1 Be6 22. Nd3 Rae8 23. a4 Qd7 24. Nc5 Qd6 25. Qxb7 Rb8 26. Qa6 Bc8 27. Qxa7
Rxb2 28. Qe7 Qxe7 29. Rxe7 Rd2 30. Rc7 Rxd4 31. Rxc6 Rc4 32. f4 Nf6 33. Rd1 Bg4
34. Re1 h6 35. Rc7 Ra8 36. Bf1 Rc3 37. Bb5 Ne4 38. Ne6 Bxe6 39. Rxc3 Nxc3 40.
Rxe6 Nxa4 41. Bc6 Ra6 42. Re8+ Kh7 43. Bxd5 Nc3 44. Bc4 Rd6 45. f5 Nd5 46. Bxd5
Rxd5 47. g4 h5 48. h3 hxg4 49. hxg4 Rd4 50. Kf2 Rxg4 51. Kf3 Ra4 52. Re4 Rxe4
53. Kxe4 Kh6 54. Kf4 1/2-1/2

[Event "DVM U20w 2015"]
[Site "Osnabrück GER"]
[Date "2015.12.30"]
[Round "7"]
[White "Wang, Yanru"]
[Black "Sauer, Annika"]
[Result "1-0"]
[Termination "normal"]
[Board "4.3"]
[WhiteElo "1490"]
[BlackElo "1653"]
[WhiteTeam "Karlsruher SF 1853"]
[BlackTeam "Leegebrucher SF"]
[PlyCount "55"]
[WhiteFideId "12929328"]
[BlackFideId "12952052"]
[EventCountry "GER"]
[EventRounds "7"]
[EventType "team-swiss"]
[EventDate "2015.12.26"]

1. f4 d5 2. b3 Nf6 3. Bb2 e6 4. Nf3 c5 5. e3 Bd6 6. Ne5 Nc6 7. Nxc6 bxc6 8. Be2
Qe7 9. O-O O-O 10. d3 e5 11. Nd2 exf4 12. exf4 Qe3+ 13. Kh1 Bxf4 14. Nc4 dxc4
15. Bc1 Qe6 16. Bxf4 cxb3 17. cxb3 Nd5 18. Qd2 Re8 19. Bf3 Bb7 20. Rae1 Qd7 21.
Bg3 a5 22. Be4 a4 23. Qg5 h6 24. Qh5 axb3 25. axb3 Rf8 26. Be5 f6 27. Qg6 Rfd8
28. Bxf6 1-0

[Event "DVM U20w 2015"]
[Site "Osnabrück GER"]
[Date "2015.12.30"]
[Round "7"]
[White "Fischer, Trixy"]
[Black "Bykov, Ilona"]
[Result "0-1"]
[Termination "normal"]
[Board "4.4"]
[WhiteElo "651"]
[BlackElo "1257"]
[WhiteTeam "Leegebrucher SF"]
[BlackTeam "Karlsruher SF 1853"]
[PlyCount "100"]
[WhiteFideId "16217462"]
[BlackFideId "12964433"]
[EventCountry "GER"]
[EventRounds "7"]
[EventType "team-swiss"]
[EventDate "2015.12.26"]

1. e4 e5 2. Nf3 Nc6 3. Nc3 Nf6 4. Bc4 Nxe4 5. Nxe4 d5 6. Bb5 dxe4 7. Nxe5 Bd7
8. d4 Nxe5 9. Qe2 Ng6 10. Qxe4+ Qe7 11. Bd3 O-O-O 12. O-O Qxe4 13. Bxe4 Be6 14.
Be3 Bd5 15. Bf5+ Kb8 16. Rfd1 Be7 17. Rac1 Bf6 18. c4 Be6 19. Be4 Rhe8 20. f3
Nh4 21. Re1 Nf5 22. d5 Bd7 23. Bf2 Bxb2 24. Rc2 Bd4 25. h3 Bxf2+ 26. Kxf2 Nd6
27. c5 Nxe4+ 28. fxe4 c6 29. d6 b6 30. a4 Re5 31. cxb6 axb6 32. Rb2 Ka7 33. Ke3
Ra5 34. Reb1 Rb8 35. Kd4 Rxa4+ 36. Kc3 Rxe4 37. Rb4 Rxb4 38. Kxb4 Re8 39. Rf1
f6 40. g4 Re3 41. Rh1 Rd3 42. Rg1 Rxd6 43. h4 Rd4+ 44. Kc3 Rxg4 45. Rxg4 Bxg4
46. h5 Bxh5 47. Kd3 Ka6 48. Ke3 Kb5 49. Kd2 g5 50. Ke3 c5 0-1